| 000 | 00412nam a22001457a 4500 | ||
|---|---|---|---|
| 008 | 210830b |||||||| |||| 00| 0 eng d | ||
| 020 | _a096614581 | ||
| 082 | _a398.2 EPS | ||
| 100 | _aEpstein, Steve. | ||
| 245 |
_aLao folktales : _btales of turtles, tigers and toads. |
||
| 260 |
_aLao : _bState Printing Enterprise of Lao, _c1995. |
||
| 300 |
_a57 p. : _c25 cm. _bill. ; |
||
| 650 | _aFolktales. | ||
| 942 | _2ddc | ||
| 999 |
_c10195 _d10196 |
||